Пути развития словацкой литературы XIX - начала XXI века Монография
В книге представлены главы из истории словацкой литературы XIX — начала XXI века словацко-русских литературных связей а также общеславянская проблематика. Специальные разделы посвящены литературной ситуации в Словакии после 1918 года и «нежной» революции 1989 года теме Первой мировой войны военной п...
Guardat en:
| Autor principal: | |
|---|---|
| Format: | Монография |
| Edició: | 1 |
| Col·lecció: | Научная мысль |
| Accés en línia: | https://znanium.com/catalog/document?id=341932 https://znanium.com/cover/1031/1031325.jpg |
| Etiquetes: |
Afegir etiqueta
Sense etiquetes, Sigues el primer a etiquetar aquest registre!
|
| LEADER | 03345nam0a2200361 i 4500 | ||
|---|---|---|---|
| 001 | RU\infra-m\znanium\bibl\1031325 | ||
| 003 | https://znanium.com/catalog/document?id=341932 | ||
| 005 | 20210903000000.0 | ||
| 010 | |a 978-5-16-013769-8 | ||
| 010 | |a 978-5-16-106441-2 |b электр. издание | ||
| 100 | |a 20210903d2019 m y0rusy0150 ca | ||
| 101 | 0 | |a rus | |
| 102 | |a RU | ||
| 200 | 1 | |a Пути развития словацкой литературы XIX - начала XXI века |e Монография |f Московский государственный университет им. М.В. Ломоносова, филологический факультет | |
| 205 | |a 1 | ||
| 210 | 1 | |a Москва |c ООО "Научно-издательский центр ИНФРА-М" |d 2019 | |
| 215 | |a 289 с. | ||
| 225 | 1 | |a Научная мысль | |
| 330 | |a В книге представлены главы из истории словацкой литературы XIX — начала XXI века словацко-русских литературных связей а также общеславянская проблематика. Специальные разделы посвящены литературной ситуации в Словакии после 1918 года и «нежной» революции 1989 года теме Первой мировой войны военной прозе второй половины 40-х годов ХХ века образу России в литературе Словакии исторической прозе «литературе факта» и др. Представлены творческие портреты П.Й. Шафарика Л. Штура Св. Гурбана-Ваянского М. Кукучина Я. Есенского Й. Цигера-Гронского Л. Надаши-Еге М. Фигули Я. Ленчо П. Виликовского П. Ранкова Л. Зрубеца С. Ракуса и др. Книга предназначена для специалистов по словацкой славянской и зарубежной литературе студентов-славистов а также всех кто интересуется литературой Словакии. | ||
| 333 | |a Дополнительное профессиональное образование | ||
| 606 | |a Филологические науки |x История литературы |2 local | ||
| 608 | |a Монография |2 local | ||
| 675 | |a 881/886(075.4) |z rus | ||
| 686 | |a 83.3(0)9 |2 rubbk | ||
| 686 | |a 44.03.05 |2 okso | ||
| 686 | |a 51.03.01 |2 okso | ||
| 686 | |a 51.03.06 |2 okso | ||
| 686 | |a 52.03.04 |2 okso | ||
| 686 | |a 52.03.05 |2 okso | ||
| 700 | 1 | |a Машкова |b А.Г. |g Алла Германовна |p Московский государственный университет им. М.В. Ломоносова, филологический факультет | |
| 801 | 0 | |a RU |b Общество с ограниченной ответственностью «ЗНАНИУМ» |c 20190418 |2 rusmarc | |
| 856 | 4 | |a znanium.com |m ebs_support@infra-m.ru |n НИЦ ИНФРА-М |u https://znanium.com/catalog/document?id=341932 | |
| 856 | 4 | 1 | |a znanium.com |d /cover/1031 |f 1031325.jpg |q image/jpeg |u https://znanium.com/cover/1031/1031325.jpg |